Расчет вентиляционной системы при выполнении электросварочных работ; Современные проблемы машиностроения

書誌詳細
Parent link:Современные проблемы машиностроения.— 2022.— [С. 215-216]
共著者: Национальный исследовательский Томский политехнический университет Инженерная школа неразрушающего контроля и безопасности Отделение контроля и диагностики, Национальный исследовательский Томский политехнический университет Школа базовой инженерной подготовки Отделение общетехнических дисциплин
その他の著者: Гусельников М. Э. Михаил Эдуардович, Гуляев М. В. Милий Всеволодович, Сечин А. И. Александр Иванович, Сечин А. А. Андрей Александрович, Романцов И. И. Игорь Иванович, Авдеева И. И. Ирина Ивановна, Макаров А. Е.
要約:Заглавие с экрана
言語:ロシア語
出版事項: 2022
シリーズ:Промышленная безопасность
主題:
オンライン・アクセス:http://earchive.tpu.ru/handle/11683/74420
フォーマット: MixedMaterials 電子媒体 図書の章
KOHA link:https://koha.lib.tpu.ru/cgi-bin/koha/opac-detail.pl?biblionumber=635376

MARC

LEADER 00000naa2a2200000 4500
001 635376
005 20240214112740.0
035 |a (RuTPU)RU\TPU\conf\37229 
035 |a RU\TPU\conf\37228 
090 |a 635376 
100 |a 20230116a2022 k y0rusy50 ca 
101 0 |a rus 
102 |a RU 
105 |a y z 100zy 
135 |a drgn ---uucaa 
181 0 |a i  
182 0 |a b 
200 1 |a Расчет вентиляционной системы при выполнении электросварочных работ  |f М. Э. Гусельников, М. В. Гуляев, А. И. Сечин [и др.] 
203 |a Текст  |c электронный 
225 1 |a Промышленная безопасность 
300 |a Заглавие с экрана 
320 |a [Библиогр.: с. 216 (3 назв.)] 
463 0 |0 (RuTPU)RU\TPU\conf\37109  |t Современные проблемы машиностроения  |o сборник трудов XV Международной научно-технической конференции, г. Томск, 22-25 ноября 2022 г.  |f Национальный исследовательский Томский политехнический университет (ТПУ) ; ред. кол. Е. Н. Пашков [и др.]  |v [С. 215-216]  |d 2022 
610 1 |a электронный ресурс 
610 1 |a труды учёных ТПУ 
610 1 |a расчеты 
610 1 |a вентиляционные системы 
610 1 |a электросварочные работы 
610 1 |a электродуговая сварка 
610 1 |a загрязнители 
610 1 |a техника безопасности 
610 1 |a средства индивидуальной защиты 
701 1 |a Гусельников  |b М. Э.  |c специалист в области экологии и безопасности жизнедеятельности  |c доцент Томского политехнического университета, кандидат технических наук  |f 1959-  |g Михаил Эдуардович  |3 (RuTPU)RU\TPU\pers\26049  |9 11888 
701 1 |a Гуляев  |b М. В.  |c специалист в области экологии и безопасности жизнедеятельности  |c доцент Томского политехнического университета  |f 1946-  |g Милий Всеволодович  |3 (RuTPU)RU\TPU\pers\26050 
701 1 |a Сечин  |b А. И.  |c специалист в области экологии и безопасности жизнедеятельности  |c профессор Томского политехнического университета, доктор технических наук  |f 1950-  |g Александр Иванович  |3 (RuTPU)RU\TPU\pers\26051  |9 11890 
701 1 |a Сечин  |b А. А.  |c специалист в области экологии и безопасности жизнедеятельности  |c доцент Томского политехнического университета, кандидат технических наук  |f 1974-  |g Андрей Александрович  |3 (RuTPU)RU\TPU\pers\26053  |9 11892 
701 1 |a Романцов  |b И. И.  |c специалист в области экологии и безопасности жизнедеятельности  |c доцент Томского политехнического университета, кандидат технических наук  |f 1967-  |g Игорь Иванович  |3 (RuTPU)RU\TPU\pers\32975  |9 16820 
701 1 |a Авдеева  |b И. И.  |c специалист в области экологии и безопасности жизнедеятельности  |c инженер Томского политехнического университета  |f 1979-  |g Ирина Ивановна  |3 (RuTPU)RU\TPU\pers\37028  |9 20043 
701 1 |a Макаров  |b А. Е. 
712 0 2 |a Национальный исследовательский Томский политехнический университет  |b Инженерная школа неразрушающего контроля и безопасности  |b Отделение контроля и диагностики  |3 (RuTPU)RU\TPU\col\23584 
712 0 2 |a Национальный исследовательский Томский политехнический университет  |b Школа базовой инженерной подготовки  |b Отделение общетехнических дисциплин  |3 (RuTPU)RU\TPU\col\23550 
801 2 |a RU  |b 63413507  |c 20230126  |g RCR 
856 4 |u http://earchive.tpu.ru/handle/11683/74420 
942 |c BK